Statistiques concernant quiz film

Cliquez ici pour prendre le quiz!

Statistiques générales

  • Ce quiz a été pris 61 fois
  • Le résultat moyen est 4 sur 15

Statistiques - réponses

PersonnagesFILMS% Correct
Qui-Gon JinnStar wars
64%
Jack DawsonTitanic
58%
William TurnerPirates des Caraïbes
47%
Wade WilsonDeadpool
43%
Paul AtreidesDune
36%
GandhalfSeigneur des anneaux
36%
Hvitserk LothbrokVikings
30%
Denny DuquetteGrey's Anatomy
25%
Dr Linda MartinLucifer
21%
Adrian ChaseArrow
8%
Haley JamesLes Frères Scott
8%
Malachai ParkerVampire diaries
8%
Cecil FredericksLa Nuit au musée
6%
NizamPrince of Persia
2%
WinstonJohn Wick
0%

Distribution des résultats

Percentile par nombre de réponses

% des personnes avec chaque résultat

Votre développement - résultats

Vous n’avez pas pris ce quiz